Header

Repercusión parlamentaria del malón a Tres Arroyos : (Registro nro. 53337)

Detalles MARC
000 -LEADER
campo de control de longitud fija 01565nam a2200301 a 4500
001 - NÚMERO DE CONTROL
campo de control 53337
003 - IDENTIFICADOR DE NÚMERO DE CONTROL
campo de control AR-BaAGN
005 - FECHA Y HORA DE LA ÚLTIMA TRANSACCIÓN
campo de control 20250711121702.0
007 - CAMPO FIJO DE DESCRIPCIÓN FÍSICA--INFORMACIÓN GENERAL
campo de control de longitud fija ta
008 - DATOS DE LONGITUD FIJA--INFORMACIÓN GENERAL
campo de control de longitud fija s2000 ag ||||| |||| ||| ||spa d
040 ## - FUENTE DE CATALOGACIÓN
Centro catalogador/agencia de origen AR-BaAGN
Lengua de catalogación español
Normas de descripción aacr
942 ## - ELEMENTOS DE ENTRADA SECUNDARIOS (KOHA)
Tipo de ítem Koha Folleto
Prefijo de la signatura AGN
100 1# - ENTRADA PRINCIPAL--NOMBRE DE PERSONA
Nombre de persona Poggi, Rinaldo Alberto
ID autoridades 8488
245 10 - MENCIÓN DEL TÍTULO
Título Repercusión parlamentaria del malón a Tres Arroyos :
Resto del título 1870 /
Mención de responsabilidad, etc. Rinaldo Alberto Poggi.
260 ## - PUBLICACIÓN, DISTRIBUCIÓN, ETC.
Lugar de publicación, distribución, etc. Buenos Aires :
Nombre del editor, distribuidor, etc. Fundación Nuestra Historia,
Fecha de publicación, distribución, etc. 2000.
300 ## - DESCRIPCIÓN FÍSICA
Extensión 43 páginas ;
Dimensiones 21 cm.
336 ## - TIPO DE CONTENIDO
Fuente rdacontent
Código de tipo de contenido texto
337 ## - TIPO DE MEDIO
Fuente rdamedia
Código del tipo de medio no mediado
338 ## - TIPO DE SOPORTE
Fuente rdacarrier
Código del tipo de soporte volumen
490 ## - MENCIÓN DE SERIE
Mención de serie Fundación Nuestra Historia. Cuadernos ;
Designación de volumen o secuencia 7
520 3# - RESUMEN, ETC.
Sumario, etc. “En marzo de 1870, el comandante militar de Bahía Blanca, coronel José O. Llano, sospechando que los reiterados robos de ganado eran llevados a cabo por los indios del cacique Cañumil, que con frecuencia acudían al pueblo a comerciar o a recibir las raciones otorgadas por el Gobierno Nacional, se dispuso a marchar sobre sus toldos para castigarlos […] Informado Calfucura de la prisión de su hija, de su yerno Cañumil, como también de los robos, atropellos y violaciones del que fueron objeto, se dispuso vengarlos. […] La noticia del malón repercute gravemente en Buenos Aires en los más diversos ámbitos..." . (El autor).
650 #4 - PUNTO DE ACCESO ADICIONAL DE MATERIA--TÉRMINO DE MATERIA
Término de materia o nombre geográfico como elemento de entrada MALONES
ID autoridades 812
650 #4 - PUNTO DE ACCESO ADICIONAL DE MATERIA--TÉRMINO DE MATERIA
Término de materia o nombre geográfico como elemento de entrada OPERACIONES MILITARES
ID autoridades 1875
650 #4 - PUNTO DE ACCESO ADICIONAL DE MATERIA--TÉRMINO DE MATERIA
Término de materia o nombre geográfico como elemento de entrada GOBIERNO
ID autoridades 1721
650 #4 - PUNTO DE ACCESO ADICIONAL DE MATERIA--TÉRMINO DE MATERIA
Término de materia o nombre geográfico como elemento de entrada LEYES PROVINCIALES
ID autoridades 2540
650 #4 - PUNTO DE ACCESO ADICIONAL DE MATERIA--TÉRMINO DE MATERIA
Término de materia o nombre geográfico como elemento de entrada LEYES NACIONALES
ID autoridades 2539
651 #4 - PUNTO DE ACCESO ADICIONAL DE MATERIA--NOMBRE GEOGRÁFICO
Nombre geográfico Tres Arroyos (Buenos Aires [Provincia])
ID autoridades 3991
Existencias
Estado de retiro Estado de pérdida Estado de conservación Biblioteca actual Ubicación en estantería Signatura topográfica completa Código de barras Tipo de ítem Koha
      Biblioteca del Archivo General de la Nación AGN - Folletos AGN.f 2671 AGN.f-2671 Libro

Contacto

Dirección: Av. Leandro Alem 246, 3er piso (CABA).
Código postal: C1003AAP
Teléfono: 2206-0013
Correo electrónico: comunicacionagn@mininterior.gob.ar
Sitio Web: www.argentina.gob.ar/interior/archivo-general-de-la-nacion

AGN en las redes sociales

Facebook  /  Twitter  /  Instagram